000 00862cam a2200289 i 4500
001 12988
003 BD-RjUL
005 20211208235403.0
008 140130s1979 enka b 000 0 eng
020 _a0713127473
035 _a(BD-RjUL)13038
040 _aDLC
_cDLC
_dDLC
_dBD-RjUL
_beng
041 _aeng
082 0 0 _a581.166
_bLES
100 1 _aLewis, D.
_q(Dan),
_d1910-2009.
_940480
245 1 0 _aSexual incompatibility in plants /
_cD. Lewis.
260 _aLondon :
_bE. Arnold,
_c1979.
300 _a59 p. :
_bill. ;
_c22 cm.
490 1 _aThe Institute of Biology's Studies in biology ; no. 110
504 _aBibliography: p. 59.
650 0 _aPlants, Sex in.
_940472
830 0 _vno. 110.
_940488
830 0 _aInstitute of Biology's studies in biology ;
_940489
942 _2ddc
_cBK
999 _c12988
_d12988